000 01360nam a2200373 i 4500
001 197864
003 ES-MaACL
005 20251011063210.0
007 ta
008 251009s1980 sp ||||| |||| 00| 0 spa d
017 _aM 31907-1980
_bOficina Depósito Legal Madrid
040 _bspa
_cES-MaACL
080 _a316.344.32:32
080 _a141.82:316.344.32
245 0 4 _aLos intelectuales y la sociedad actual /
_cJosé Jiménez, Daniel Lacalle, Manuel Vázquez Montalbán, Nicolás Sartorius, Rafael Ribo
264 1 _aMadrid :
_bFundación de Investigaciones Marxistas,
_c[1980]
300 _a44 páginas ;
_c22 cm
336 _2rdacontent
_aTexto
337 _2rdamedia
_asin mediación
338 _2rdacarrier
_avolumen
504 _aIncluye referencias biblográficas
594 _aTítulo tomado de la cubierta
650 4 _913849
_aIntelectuales-
_xActividad política
650 7 _2embne
_911230
_aComunismo e intelectuales
700 1 _966414
_aJiménez, José
_eaut
700 1 _9159612
_aLacalle, Daniel,
_d1939-2025
_eaut
700 1 _9113463
_aVázquez Montalbán, Manuel,
_d1939-
_eaut
700 1 _9103894
_aSartorius, Nicolás
_eaut
700 0 _996826
_aRibó, Rafael
_eaut
852 _aES-MaACL
_cDEPO2
_jL-12843 Bis
_9206814
942 _cMONOGRAFIA
_n0
999 _c197864
_d197864